Práve ťa počujem

Bibliographic Details
Main Author: Bowenová, Elizabeth (Author)
Other Authors: Žáryová, Magda, 1927-2009 (Translator)
Format: Article
Language:Slovak
Subjects:

MARC

LEADER 00000nab a2200000 a 4500
001 vtls000139332
003 SK-MaSNL
005 20260304074452.0
008 250422c1982 xo 0 slo
015 |a SNBRB19rr/mm-uuuuu 
035 |a CL0149438 
035 |a urn:nbn:sk:snk-abbbsq 
035 |a (urnnbn)urn:nbn:sk:snk:ar-006hn4 
035 |a (uuid)ab02f323-26ac-4134-b0f6-d570d263fbab 
040 |a SNKBUCL  |b slo  |c SNKBUCL  |e AACR2 
041 0 |a slo 
044 |a xo  |c SK 
080 |a 820 (417)-3  |2 1981 
100 1 |a Bowenová, Elizabeth  |4 aut  |9 1364029 
245 1 0 |a Práve ťa počujem  |c Elizabeth Bowenová ; Magda Žáryová 
650 0 7 |a poviedky psychologické  |2 snkbucl  |9 893883 
655 7 |a články z novín a časopisov  |2 snkbucl  |9 267496 
700 1 |a Žáryová, Magda,  |d 1927-2009  |4 trl  |9 107891 
773 0 |t Revue svetovej literatúry  |g Roč. 18, č. 5 (1982), s. 67-71 
850 |a Slovenská národná knižnica 
852 |a Slovenská národná knižnica 
958 |a article15 
958 |a OND 
958 |a RK 
958 |a LX 
958 |a EUIPO 
999 |c 2776336  |d 2778266